|
|
|
|
| LEADER |
00000nam0a2200000 4500 |
| 001 |
276176 |
| 005 |
20231101234908.0 |
| 020 |
|
|
|a RU
|b 85-97997
|
| 035 |
|
|
|a (RuTPU)RU\TPU\book\299434
|
| 090 |
|
|
|a 276176
|
| 100 |
|
|
|a 20141119d1985 k y0rusy5003 ca
|
| 101 |
0 |
|
|a rus
|
| 102 |
|
|
|a RU
|
| 105 |
|
|
|a ab z 000zy
|
| 200 |
1 |
|
|a Генетическое учение о геологических формациях
|f В. И. Попов, В. Ю. Запрометов
|
| 210 |
|
|
|a Москва
|c Недра
|d 1985
|
| 215 |
|
|
|a 457 с.
|c ил., карт.
|
| 606 |
1 |
|
|a Геологические формации
|2 stltpush
|3 (RuTPU)RU\TPU\subj\6086
|9 34039
|
| 610 |
1 |
|
|a происхождение
|
| 610 |
1 |
|
|a учения
|
| 610 |
1 |
|
|a генетическое учение
|
| 610 |
1 |
|
|a ритмичность
|
| 610 |
1 |
|
|a земная кора
|
| 610 |
1 |
|
|a классификация
|
| 610 |
1 |
|
|a магматические формации
|
| 610 |
1 |
|
|a осадочные формации
|
| 675 |
|
|
|a 551.263.03
|z rus
|v 3
|
| 700 |
|
1 |
|a Попов
|b В. И.
|g Владимир Иванович
|4 070
|
| 701 |
|
1 |
|a Запрометов
|b В. Ю.
|g Вадим Юрьевич
|4 070
|
| 801 |
|
0 |
|a RU
|b RuMRKP
|c 19950704
|g psbo
|
| 801 |
|
1 |
|a RU
|b 63413507
|c 20141119
|
| 801 |
|
2 |
|a RU
|b 63413507
|c 20170131
|g RCR
|
| 942 |
|
|
|c BK
|